All of Treaty Oak Revival - Statistics

General Stats
  • This quiz has been taken 54 times
  • The average score is 25 of 37
Answer Stats
Hint Answer % Correct
No Vacancy No Vacancy
97%
Have A Nice Day Have A Nice Day
92%
West Texas Degenerate West Texas Degenerate
89%
No Vacancy Missed Call
84%
Have A Nice Day See You In Court
79%
Have A Nice Day Fishnets
76%
West Texas Degenerate Port A
76%
West Texas Degenerate Bad State Of Mind
74%
West Texas Degenerate Blue Star
74%
Have A Nice Day In Between
74%
No Vacancy Ode To Bourbon
74%
Have A Nice Day Stop & Stare
74%
West Texas Degenerate Sunflower
74%
West Texas Degenerate Happy Face
71%
West Texas Degenerate Misery
71%
No Vacancy Postcard
71%
West Texas Degenerate Withdrawals
71%
West Texas Degenerate Intro
68%
Others Leaving Hell
68%
West Texas Degenerate Outro
68%
No Vacancy Boomtown
66%
Have A Nice Day Chasing My Tail
63%
No Vacancy Check In
63%
No Vacancy Check Out
63%
West Texas Degenerate Dosin
63%
West Texas Degenerate Naders
63%
No Vacancy Tattooed Roses
63%
Have A Nice Day Haunted House
61%
No Vacancy Irish Goodbye
61%
West Texas Degenerate Shit Hill
61%
West Texas Degenerate Stay a While
61%
Have A Nice Day Wrong Place Wrong Time
58%
No Vacancy Hometown
55%
Have A Nice Day I'm The Worst
55%
No Vacancy One Time Thing
55%
Others Stay Tuned
55%
Have A Nice Day Close Encounters
53%
No matching quizzes found
Score Distribution
Percent of People with Each Score
Percentile by Number Answered
Your Score History
You have not taken this quiz